| 000 | 00453nam a22001697a 4500 | ||
|---|---|---|---|
| 999 |
_c525978 _d525978 |
||
| 003 | NUST | ||
| 020 | _c(Hbk) | ||
| 038 | _aM. Shaban | ||
| 082 |
_a306.872 _bARS |
||
| 100 |
_aArshad Javed _916923 |
||
| 245 |
_aAzdwaji khoushian / _c Pro. Arshad Javed |
||
| 260 |
_aLahore: _bBest Books, _c2010. |
||
| 300 | _a268 p. ; | ||
| 880 |
_6100-01\r _aپروفیسر ارشد جاوید |
||
| 880 |
_6245-02\r _aازدواجی خوشیاں / |
||
| 942 |
_2ddc _cBK |
||